01126nam a2200289 i 4500003000900000005001700009007000300026008004100029020001500070040003000085082001300115100003700128245013600165264004200301300004100343336002700384337003300411338002800444490003400472504007300506590002700579700005900606910001400665942001400679952012600693999001700819DO-SdBNP20240923143319.0ta240923s1998 sp a 000 0 spa d a8448709195 aDO-SdBNPbspacBNPHUerda 222bS3871 4aut.aSchultz, Uwe970708eautor13aLa fiesta :buna historia cultural desde la antigüedad hasta nuestros días /cUwe Schultz ; traducción José Luis Gil Aristu1 aBarcelona, España :bAltaya,c1998. a367 páginasbilustracionesc20 cm. atextobtxt2rdacontent asin mediaciónbn2rdamedia avolumenbnc2rdacarrier1 aGrandes obras de historiav71 aIncluye referencias bibliográficas y notas al pie de las páginas aInventariado, 2024/ YL 4trad.a Gil Aristu, José Luise traducción 948331 aYLockward 2ddccLBS1 00102ddc56708GRaBNPHUbBNPHUcCTd2012-09-05eDonación l0oBNPHU GR S387p2024-5449r2024-09-23w2024-09-23yLBS1 c57739d57739